|
|
|
|
| LEADER |
00926nam a2200241 a 4500 |
| 001 |
000632661 |
| 003 |
CZ BrMZK |
| 005 |
20201119125742.0 |
| 007 |
ta |
| 008 |
021023s1982 xr f cze d |
| 015 |
|
|
|a cnb003078343
|
| 040 |
|
|
|a BOA001
|b cze
|c BOA001
|
| 080 |
|
|
|a 379.85(437.17)
|2 MRF
|
| 080 |
|
|
|a 796.51(437.17)
|2 MRF
|
| 245 |
0 |
0 |
|a Značené turistické cesty v Západočeském kraji /
|c pro tisk připravil Václav Tynys
|
| 260 |
|
|
|a Plzeň :
|b Svaz turistiky Západočeského krajského výboru ČSSSTV,
|c 1982
|
| 300 |
|
|
|a 116 s.
|
| 500 |
|
|
|a Dostupné též v digitální podobě v aplikaci Kramerius
|
| 700 |
1 |
|
|a Tynys, Václav
|4 edt
|
| 856 |
4 |
1 |
|u http://www.digitalniknihovna.cz/mzk/uuid/uuid:ca63b800-95b9-11e6-baa5-005056827e51
|y Digitalizovaný dokument
|x NDK
|
| 910 |
|
|
|a BOA001
|b 1-0864.797
|
| 990 |
|
|
|a BK
|
| 996 |
6 |
|
|b 2619588284
|c 1-0864.797
|l MZK
|r Sklad / do 1 hodiny
|n 0
|w 000632661
|u 000010
|a 1
|e BOA001
|j MZK50
|s P
|